<?xml version="1.0" encoding="UTF-8"?>
<collection xmlns="http://www.loc.gov/MARC21/slim">
 <record>
  <leader>01196nma a2200229 a 4500</leader>
  <controlfield tag="001">1/33163</controlfield>
  <controlfield tag="008">041203t2006    enk    g   ia       eng  </controlfield>
  <datafield tag="020" ind1=" " ind2=" ">
   <subfield code="a">9607995694</subfield>
  </datafield>
  <datafield tag="035" ind1=" " ind2=" ">
   <subfield code="l">35571</subfield>
  </datafield>
  <datafield tag="040" ind1=" " ind2=" ">
   <subfield code="a">GR-PeUP</subfield>
  </datafield>
  <datafield tag="082" ind1="0" ind2="0">
   <subfield code="a">CD-ROM 430.7 ERF</subfield>
  </datafield>
  <datafield tag="245" ind1="0" ind2="0">
   <subfield code="a">Erfolg in B2. Modul 1 :</subfield>
   <subfield code="h">[interactive multimedia] :</subfield>
   <subfield code="b">καλή γνώση στα γερμανικά, ασκήσεις και τεστ για τις εξετάσεις του Κρατικού Πιστοποιητικού Γλωσσομάθειας (ΚΠγ).</subfield>
  </datafield>
  <datafield tag="260" ind1="0" ind2=" ">
   <subfield code="a">Αθήνα :</subfield>
   <subfield code="b">Intelearn,</subfield>
   <subfield code="c">2006.</subfield>
  </datafield>
  <datafield tag="300" ind1=" " ind2=" ">
   <subfield code="a">1 οπτικό δίσκο :</subfield>
   <subfield code="b">εγχρ. ;</subfield>
   <subfield code="c">4/3 in.</subfield>
  </datafield>
  <datafield tag="490" ind1="1" ind2=" ">
   <subfield code="a">Multimedia Επαιδευτικές Εφαρμογές ;</subfield>
  </datafield>
  <datafield tag="538" ind1=" " ind2=" ">
   <subfield code="a">Απαιτήσεις συστήματος: Windows 95/98/2000/Me/ XP.</subfield>
  </datafield>
  <datafield tag="650" ind1=" " ind2="4">
   <subfield code="a">CD-ROMs.</subfield>
  </datafield>
  <datafield tag="650" ind1=" " ind2="4">
   <subfield code="a">German language</subfield>
   <subfield code="x">Study and teaching</subfield>
   <subfield code="x">CD-ROMs.</subfield>
  </datafield>
  <datafield tag="650" ind1=" " ind2="4">
   <subfield code="a">German language</subfield>
   <subfield code="x">Self-instruction.</subfield>
  </datafield>
  <datafield tag="830" ind1=" " ind2=" ">
   <subfield code="a">Multimedia Επαιδευτικές Εφαρμογές.</subfield>
  </datafield>
  <datafield tag="852" ind1=" " ind2=" ">
   <subfield code="a">INST</subfield>
   <subfield code="b">UNIPILB</subfield>
   <subfield code="c">MMEDIA</subfield>
   <subfield code="e">20070824</subfield>
   <subfield code="h">CD-ROM 430.7 ERF</subfield>
   <subfield code="p">00153199</subfield>
   <subfield code="q">00153199</subfield>
   <subfield code="t">NOLOAN</subfield>
   <subfield code="y">23</subfield>
   <subfield code="4">2</subfield>
  </datafield>
  <datafield tag="852" ind1=" " ind2=" ">
   <subfield code="a">INST</subfield>
   <subfield code="b">UNIPILB</subfield>
   <subfield code="c">MMEDIA</subfield>
   <subfield code="e">20070824</subfield>
   <subfield code="h">CD-ROM 430.7 ERF</subfield>
   <subfield code="p">00153200</subfield>
   <subfield code="q">00153200</subfield>
   <subfield code="t">NOLOAN</subfield>
   <subfield code="y">23</subfield>
   <subfield code="4">1</subfield>
  </datafield>
 </record>
</collection>
